Statystyki dla Najdrozsi zawodnicy ligi europy

Kliknij tutaj aby rozwiązać quiz!

Ogólne statystyki

  • Ten quiz został rozwiązany 15 razy
  • Średni wynik to 19 z 50

Statystyki odpowiedzi

KlubWartoscOdpowiedź% Poprawnych
Liverpool65mlnSalah
100%
Liverpool35mlnAlisson
85%
Liverpool35mlnAlisson
85%
Liverpool75mlnDiaz
77%
Liverpool65mlnNunez
77%
Liverpool35mlnVan dijk
77%
Bayer Leverkusen85mlnWirtz
69%
West Ham48mlnBowen
62%
Roma30mlnDybala
62%
Liverpool55mlnGakpo
62%
Liverpool40mlnRobertson
62%
Liverpool70mlnSzoboszlai
62%
Liverpool65mlnArnold
54%
Liverpool38mlnKonate
54%
Liverpool65mlnMac Allister
54%
Roma35mlnAbraham
46%
Bayer Leverkusen40mlnBoniface
46%
Liverpool50mlnJota
46%
West Ham65mlnPaqueta
46%
Brighton35mlnFati
38%
Brighton65mlnFerguson
38%
Bayer Leverkusen45mlnFrimpong
38%
Liverpool35mlnGravenberch
38%
Liverpool30mlnJones
38%
Brighton50mlnMitoma
38%
Liverpool35mlnElliott
31%
Sporting32mlnGoncalves
31%
Sporting30mlnInacio
31%
Atalanta30mlnLookman
31%
Roma40mlnLukaku
31%
Atalanta40mlnScalvini
31%
Bayer Leverkusen40mlnTapsoba
31%
West Ham35mlnAlvarez
23%
Rennes35mlnGouiri
23%
West Ham40mlnKudus
23%
Bayer Leverkusen35mlnPalacios
23%
Brighton32mlnPedro
23%
Villareal35mlnPino
23%
Rennes30mlnTerrier
23%
West Ham35mlnAguerd
15%
Sporting30mlnEdwards
15%
Bayer Leverkusen35mlnHincapie
15%
Bayer Leverkusen28mlnKossounou
15%
West Ham38mlnWard Prowse
15%
Brighton35mlnEstupinan
8%
Sporting32mlnGyokeres
8%
Roma28mlnNdicka
8%
Roma30mlnPellegrini
8%
Real Betis28mlnRodriguez
8%
Atalanta35mlnKoopmaineres
0%

Rozkład punktacji

Percentyl według liczby udzielonych odpowiedzi

Procent ludzi z każdym wynikiem

Twoja historia wyników

Nie rozwiązałeś tego quizu